USA Quiz #2 - Statistics

General Stats
  • This quiz has been taken 29 times
  • The average score is 8 of 15
Answer Stats
Question Answer % Correct
Which was the 50th state to join the United States? Hawaii
93%
Which American city was historically known as New Amsterdam? New York City
93%
How many states are there in the United States of America? 50
89%
If you are visiting Death Valley, in which U.S. state will you be? California
89%
What is the capital of the United States? Washington D.C.
89%
Which American state was the first to ratify the federal Constitution? Delaware
82%
How many colleges and universities make up the Ivy League? 8
64%
Which is the only state currently in the United States that is split into two large land segments? Michigan
61%
Which American city''s nickname is "Iron City"? Pittsburgh
54%
What was the boundary between Maryland and Pennsylvania originally called? Mason-Dixon Line
25%
Who was the first chief justice of the United States? John Jay
11%
What is the central banking authority of the United States? Federal Reserve System
4%
What monument is located in South Dakota? Mount Rushmore National Memorial
4%
In what year was the New York Stock Exchange created? 1817
0%
Which national park is located in Lake Superior? Isle Royale National Park
0%
No matching quizzes found
Score Distribution
Percent of People with Each Score
Percentile by Number Answered
Your Score History
You have not taken this quiz